A history of narrative film / (Record no. 7374)

MARC details
000 -LEADER
fixed length control field 01300cam a2200181 4500
020 ## - INTERNATIONAL STANDARD BOOK NUMBER
ISBN 0393955532
020 ## - INTERNATIONAL STANDARD BOOK NUMBER
ISBN 9780393955538
050 00 - CALL NUMBER
Classification number PN1993.5.A1
Item number .C66
100 1# - AUTHOR
Personal name Cook, David A.
245 12 - TITLE
Title A history of narrative film /
Statement of responsibility, etc David A. Cook.
250 ## - EDITION
Edition statement Second edition
260 ## - PUBLICATION INFORMATION
Place of publication New York :
Name of publisher Norton,
Year of publication c1990.
300 ## - DESCRIPTION
Number of Pages xxvi, 981 pages, [8] pages of plates :
Other physical details illustrations (some color) ;
Dimensions 24 cm.
500 ## - NOTES
General note Includes index
505 ## - FORMATTED CONTENTS NOTE
Table of Content Origins --<br/>International expansion, 1907-1918 --<br/>D.W. Griffith and the consummation of narrative form --<br/>German cinema of the Weimar period, 1919-1929 --<br/>Soviet silent cinema and the theory of montage, 1917-1931 --<br/>Hollywood in the twenties --<br/>The coming of sound and color, 1926-1935 --<br/>The sound film and the American studio system --<br/>Europe in the thirties --<br/>Orson Welles and the modern sound film --<br/>Wartime and postwar cinema: Italy and America, 1940-1951 --<br/>Hollywood, 1952-1965 --<br/>The French New Wave and its native context --<br/>New cinemas in Britain and the English-speaking Commonwealth --<br/>European renaissance: West --<br/>European renaissance: East --<br/>Wind from the East: Japan, India, and China --<br/>The seventies and the eighties: colonies of the mind and heart.
650 #0 - SUBJECTS
Topical Term Motion pictures
General subdivision History.
942 ## - ADDED ENTRY ELEMENTS (KOHA)
Koha item type Books
Holdings
Withdrawn status Lost status Home library Current library Shelving location Date acquired Full call number Accession Number Koha item type
    Methodist University Library Main Methodist University Library Main General Stacks 20/09/2011 PN1993.5.A1 .C66 34083 Books
Copyright © 2026  MUG Library